000 00275 a2200097 4500
020 _a9789357327817
100 _aV. S. Sanoj
245 _aOru desham pala bhookhandangal(ഒരു ദേശം പല ഭൂഖണ്ഡങ്ങൾ)
260 _bD C books
_c2024
942 _cOO
999 _c115346
_d115345